00526pab a2200169 454500008004000000100001900040245008500059260000900144300001300153362001200166650001700178773002100195908000600216909001000222999001700232952010700249180718b2011 xxu||||| |||| 00| 0 eng d aHegde, Sasheej aWhere politics and morals meet: Keeping faith with human rights (Review article) c2011 ap.55-82. aSep-Oct aHuman rights aSocial Scientist aN a93560 c93560d93560 00104070aIIPAbIIPAd2018-07-19hVolume no: 39, Issue no: 9-10pAR94020r2018-07-19w2018-07-19yAR